| 000 | 00829nam a22001937a 4500 | ||
|---|---|---|---|
| 003 | OSt | ||
| 005 | 20260211105740.0 | ||
| 008 | 260211b |||||||| |||| 00| 0 eng d | ||
| 040 | _c0 | ||
| 082 | _aDPer 796.07 J826 January-October 2023 v. 42 n. 1-4 | ||
| 100 |
_aShiver, Victoria N. _eauthor. _969655 |
||
| 245 |
_aNavigating Emotional and Structural Influences While Implementing the Teaching Personal and Social Responsibility Model / _cVictoria N. Shiver, Kelly L. Simonton. |
||
| 260 |
_aUS _bHuman Kinetics, Inc. _cJanuary 2023 |
||
| 300 |
_aVolume 42, pages 135-143 : _billustration ; _c29 cm. |
||
| 500 | _aJournal of Teaching in Physical Education, vol. 42 no. 1, pages 135-143, January-October 2023. | ||
| 700 |
_aShiver, Victoria N. _eauthor. _969655 |
||
| 700 |
_aSimonton, Kelly L. _eauthor. _969651 |
||
| 942 |
_2ddc _cPER |
||
| 999 |
_c24297 _d24297 |
||